[Event "AUTO-MASTER-3235"]
[Site "http://www.queenalice.com/game.php?id=1852995"]
[Date "2025.2.26"]
[Round "2"]
[White "yamato"]
[Black "madriles"]
[Result "1-0"]
[WhiteElo "2299"]
[BlackElo "2057"]

1. d4 Nf6 2. Nf3 g6 3. c4 d6 4. Nc3 Bg7 5. e4 O-O 6. Be2 a6 7. O-O e6 8. Re1 Nc6
9. h3 d5 10. e5 Nd7 11. cxd5 exd5 12. Nxd5 Re8 13. Bg5 f6 14. exf6 Nxf6 15.
Nxf6+ Bxf6 16. Bc4+ Kg7 17. Rxe8 Qxe8 18. Bxf6+ Kxf6 19. d5 Ne5 20. Qd4 b5 21.
Bb3 Bb7 22. Re1 Qd7 23. Qxe5+ 1-0

[Event "AUTO-MASTER-3235"]
[Site "http://www.queenalice.com/game.php?id=1852996"]
[Date "2025.2.26"]
[Round "2"]
[White "madriles"]
[Black "yamato"]
[Result "0-1"]
[WhiteElo "2039"]
[BlackElo "2305"]

1. d4 Nf6 2. Nf3 d6 3. e3 Nbd7 4. Bd3 e5 5. Nbd2 Be7 6. c3 O-O 7. O-O c6 8. Ne4
Qc7 9. c4 Re8 10. b3 Bf8 11. Qc2 Nxe4 12. Bxe4 Nf6 13. Bd3 e4 14. Bxe4 Nxe4 15.
Nd2 Nxd2 16. Bxd2 g6 17. e4 Bg7 18. Rfe1 Bd7 19. Bf4 Bxd4 20. Rad1 c5 21. b4 Bg4
22. Rd2 Qe7 23. h3 Bd7 24. Kh1 Bc6 25. f3 b6 26. b5 Bb7 27. Red1 Qf6 28. Bg3 Re6
29. a4 h5 30. Bf2 Be5 31. Qd3 h4 32. Qe3 Bf4 0-1

[Event "AUTO-MASTER-3234"]
[Site "http://www.queenalice.com/game.php?id=1853284"]
[Date "2025.3.4"]
[Round "2"]
[White "yamato"]
[Black "Takeda"]
[Result "1-0"]
[WhiteElo "2316"]
[BlackElo "2077"]

1. d4 g6 2. c4 Bg7 3. Nc3 d6 4. e4 Nf6 5. Be2 O-O 6. Nf3 Nc6 7. O-O Bg4 8. Be3
a6 9. h3 Bh5 10. Rc1 Qd7 11. d5 Bxf3 12. Bxf3 b5 13. dxc6 1-0

[Event "AUTO-MASTER-3234"]
[Site "http://www.queenalice.com/game.php?id=1853285"]
[Date "2025.3.4"]
[Round "2"]
[White "Takeda"]
[Black "yamato"]
[Result "1/2-1/2"]
[WhiteElo "2047"]
[BlackElo "2306"]

1. e4 c5 2. Nf3 e6 3. Bc4 a6 4. O-O b5 5. Be2 Bb7 6. d3 Nc6 7. Bf4 d6 8. Qd2 Nf6
9. e5 dxe5 10. Nxe5 Nd4 11. Nc3 Be7 12. Rad1 Nxe2+ 13. Nxe2 O-O 14. Ng3 Qd5 15.
f3 Qd4+ 16. Kh1 Qxb2 17. c3 Qxd2 18. Rxd2 Nd5 19. Ne2 Nxf4 20. Nxf4 Rfd8 21.
Rfd1 f6 22. Nxe6 fxe5 23. Nxd8 Rxd8 24. Kg1 Bf6 25. Kf2 Bc6 26. g3 Kf7 27. Ke2
Bg5 28. Rb2 Ke6 29. h4 Bf6 30. a4 e4 31. d4 cxd4 32. cxd4 exf3+ 33. Ke3 g5 34.
axb5 axb5 35. d5+ Rxd5 36. Rxd5 Bxd5 37. Rxb5 gxh4 38. gxh4 Bxh4 39. Rxd5
1/2-1/2

[Event "AUTO-MASTER-3234"]
[Site "http://www.queenalice.com/game.php?id=1853286"]
[Date "2025.3.4"]
[Round "2"]
[White "yamato"]
[Black "Donidon"]
[Result "1-0"]
[WhiteElo "2294"]
[BlackElo "2255"]

1. d4 Nf6 2. Nf3 d5 3. c4 c6 4. Nc3 g6 5. cxd5 cxd5 6. Bf4 e6 7. e3 Bg7 8. h3
O-O 9. Bd3 Nc6 10. O-O Nh5 11. Bh2 e5 12. dxe5 Nxe5 13. Bxe5 Bxe5 14. Nxe5 Qh4
15. Nxd5 Bxh3 16. gxh3 Qxh3 17. Qg4 Qxg4+ 18. Nxg4 Kg7 19. Rac1 Rad8 20. e4 b5
21. Bxb5 Rb8 22. a4 a6 23. Bxa6 Rxb2 24. Rc7 Re8 25. Re1 Rd2 26. Re3 Rd1+ 27.
Kg2 Rxd5 28. exd5 Nf4+ 29. Kf3 Nxd5 30. Rxe8 Nxc7 31. Rc8 Nxa6 32. Ra8 Nc5 33.
a5 1-0

[Event "AUTO-MASTER-3234"]
[Site "http://www.queenalice.com/game.php?id=1853287"]
[Date "2025.3.4"]
[Round "2"]
[White "Donidon"]
[Black "yamato"]
[Result "1-0"]
[WhiteElo "2193"]
[BlackElo "2296"]

1. e4 e6 2. d4 d5 3. Nc3 Nf6 4. Bg5 Be7 5. e5 Nfd7 6. Bxe7 Qxe7 7. f4 a6 8. Nf3
c5 9. Be2 Nc6 10. O-O cxd4 11. Nb1 Qb4 12. Qc1 h5 13. c3 dxc3 14. Nxc3 Qc5+ 15.
Kh1 g6 16. a3 b5 17. b4 Qb6 18. Qd2 Bb7 19. a4 bxa4 20. Rfb1 Ne7 21. Nxa4 Qd8
22. Nc5 Nxc5 23. bxc5 Qc7 24. Rb6 O-O 25. Qb4 Bc8 26. Qa3 Bb7 27. Rd6 Nf5 28.
Bd3 Rfc8 29. Bxf5 gxf5 30. Rc1 a5 31. Ng5 Bc6 32. Qg3 Kh8 33. Qh4 Qb7 34. Qxh5+
Kg7 35. Qh7+ Kf8 36. Rxe6 fxe6 37. Qh8+ Ke7 38. Qg7+ Ke8 39. Qg8+ 1-0

[Event "AUTO-MASTER-3237"]
[Site "http://www.queenalice.com/game.php?id=1853528"]
[Date "2025.3.8"]
[Round "2"]
[White "Guilherme_Ottoni"]
[Black "yamato"]
[Result "1-0"]
[WhiteElo "2232"]
[BlackElo "2250"]

1. d4 Nf6 2. c4 c5 3. d5 e5 4. Nc3 d6 5. e4 Be7 6. g3 O-O 7. Bg2 a6 8. a4 Nbd7
9. Nf3 Ne8 10. O-O g6 11. Bh6 Ng7 12. Qd2 Nf6 13. h3 Kh8 14. Nh2 Ng8 15. Be3 f5
16. f4 exf4 17. Bxf4 Bf6 18. exf5 Nxf5 19. Ne4 Bd4+ 20. Kh1 Nf6 21. Rae1 Nxe4
22. Bxe4 b6 23. Kg2 Ra7 24. Bg5 Bf6 25. Bf4 Raf7 26. h4 Nd4 27. Nf3 Nxf3 28.
Bxf3 Qd7 29. Re6 1-0

[Event "AUTO-MASTER-3237"]
[Site "http://www.queenalice.com/game.php?id=1853529"]
[Date "2025.3.8"]
[Round "2"]
[White "yamato"]
[Black "Guilherme_Ottoni"]
[Result "1/2-1/2"]
[WhiteElo "2302"]
[BlackElo "2249"]

1. d4 d5 2. Nf3 Nf6 3. c4 dxc4 4. e3 a6 5. a4 Bg4 6. Bxc4 e6 7. Nbd2 c5 8. Qb3
Qc7 9. Ne5 Bh5 10. O-O Bd6 11. Ndf3 cxd4 12. exd4 Nbd7 13. Be3 Bxf3 14. Nxf3 Qb6
15. Qd3 Ng4 16. h3 Nxe3 17. fxe3 h6 18. b3 O-O 19. Rfd1 Nf6 20. Kh1 Nd5 21. e4
Nf4 22. Qd2 Qb4 1/2-1/2